Textbook of Child Health Nursing -I (Record no. 367829)

MARC details
000 -LEADER
fixed length control field 00557 a2200181 4500
003 - CONTROL NUMBER IDENTIFIER
control field OSt
005 - DATE AND TIME OF LATEST TRANSACTION
control field 20251007162537.0
008 - FIXED-LENGTH DATA ELEMENTS--GENERAL INFORMATION
fixed length control field 251007b |||||||| |||| 00| 0 eng d
020 ## - INTERNATIONAL STANDARD BOOK NUMBER
International Standard Book Number 9788197849725
082 ## - DEWEY DECIMAL CLASSIFICATION NUMBER
Edition number 23
Classification number 618.2
100 ## - MAIN ENTRY--PERSONAL NAME
Personal name Maurya, Archarya
9 (RLIN) 213153
245 ## - TITLE STATEMENT
Title Textbook of Child Health Nursing -I
Remainder of title Exclusively Prepard for B.Sc. Nursing V Semester
260 ## - PUBLICATION, DISTRIBUTION, ETC. (IMPRINT)
Name of publisher, distributor, etc. AITBS Publishers
Place of publication, distribution, etc. Delhi
Date of publication, distribution, etc. 2025
300 ## - PHYSICAL DESCRIPTION
Extent XXIII;318P.
650 ## - SUBJECT ADDED ENTRY--TOPICAL TERM
Source of heading or term Child Health Nursing
700 ## - ADDED ENTRY--PERSONAL NAME
Personal name Kurian, Bibin
-- Wankhede, Darshana Kumari
9 (RLIN) 213583
942 ## - ADDED ENTRY ELEMENTS (KOHA)
Koha item type Books
Source of classification or shelving scheme Dewey Decimal Classification
Holdings
Withdrawn status Lost status Source of classification or shelving scheme Damaged status Not for loan Home library Current library Date acquired Vendor Cost, normal purchase price Total Checkouts Full call number Barcode Date last seen Date last checked out Cost, replacement price Bill Date Koha item type Total Renewals
    Dewey Decimal Classification     Sitabai Nargundkar College of Nursing Nagpur Sitabai Nargundkar College of Nursing Nagpur 07/10/2025 108 543.75 7 618.2 MAU SNCN-BK-3701 04/03/2026 17/02/2026 725.00 07/10/2025 Books  
    Dewey Decimal Classification     Sitabai Nargundkar College of Nursing Nagpur Sitabai Nargundkar College of Nursing Nagpur 07/10/2025 108 543.75 7 618.2 MAU SNCN-BK-3700 16/02/2026 02/02/2026 725.00 07/10/2025 Books  
    Dewey Decimal Classification     Sitabai Nargundkar College of Nursing Nagpur Sitabai Nargundkar College of Nursing Nagpur 07/10/2025 108 543.75 3 618.2 MAU SNCN-BK-3699 18/02/2026 02/02/2026 725.00 07/10/2025 Books 1
    Dewey Decimal Classification     Sitabai Nargundkar College of Nursing Nagpur Sitabai Nargundkar College of Nursing Nagpur 07/10/2025 108 543.75 7 618.2 MAU SNCN-BK-3702 05/03/2026 16/02/2026 725.00 07/10/2025 Books  
    Dewey Decimal Classification     Sitabai Nargundkar College of Nursing Nagpur Sitabai Nargundkar College of Nursing Nagpur 07/10/2025 108 543.75   618.2 MAU SNCN-BK-3698 07/10/2025   725.00 07/10/2025 Books